Normal view
MARC view
Entry Personal Name
001 - CONTROL NUMBER
- control field: 3610
003 - CONTROL NUMBER IDENTIFIER
- control field: ARRUPE
005 - DATE AND TIME OF LATEST TRANSACTION
- control field: 20131121144140.0
008 - FIXED-LENGTH DATA ELEMENTS
- fixed length control field: 131121|| aca||aabn | a|a d
040 ## - CATALOGING SOURCE
- Original cataloging agency: ARRUPE
- Transcribing agency: ARRUPE
100 ## - HEADING--PERSONAL NAME
- Personal name: Foster, Malcolm.
670 ## - SOURCE DATA FOUND
- Source citation: Work cat.: (ARRUPE)0: Foster, Malcolm., Joyce Cary,, 1968.